[Event "AUTO-ADV-1804"]
[Site "http://www.queenalice.com/game.php?id=792533"]
[Date "2010.6.20"]
[Round "1"]
[White "galo4kid"]
[Black "alidivetro"]
[Result "1-0"]
[WhiteElo "1808"]
[BlackElo "1743"]

1. d4 Nf6 2. Nc3 d5 3. g3 c6 4. Bg2 Bf5 5. Bf4 Nbd7 6. Nf3 Ne4 7. O-O Nxc3 8.
bxc3 Qa5 9. Qd2 e6 10. Ng5 h6 11. Nf3 Ba3 12. Rab1 b6 13. Nh4 Bh7 14. Nf3 O-O
15. Ne5 Nxe5 16. Bxe5 Be7 17. Ra1 Ba3 18. Rfb1 f6 19. Bc7 Rfc8 20. Bf4 Bf8 21.
a4 Re8 22. Rb2 Rac8 23. h4 c5 24. Rb5 Qa6 25. Bf1 c4 26. e3 Rc6 27. Bg2 Rcc8 28.
Qe2 Kh8 29. e4 e5 30. dxe5 fxe5 31. Bd2 Bc5 32. exd5 Bd6 33. Qh5 Qb7 34. Bh3 a6
35. Bxc8 Qxc8 36. Rxb6 Bc7 37. Rc6 Rf8 38. d6 Rxf2 39. Rxc7 Qf5 40. Qxf5 Rxf5
41. d7 Rf8 42. Rc8 Rxc8 43. dxc8=Q+ Bg8 44. Rb1 Kh7 45. Qf5+ Kh8 46. Rb8 e4 47.
Bxh6 gxh6 48. Qf6+ Kh7 49. Rb7+ Bf7 50. Rxf7+ 1-0

[Event "AUTO-ADV-1804"]
[Site "http://www.queenalice.com/game.php?id=792534"]
[Date "2010.6.20"]
[Round "1"]
[White "alidivetro"]
[Black "galo4kid"]
[Result "0-1"]
[WhiteElo "1695"]
[BlackElo "1774"]

1. e4 e5 2. Nf3 Nc6 3. d4 d5 4. exd5 Qxd5 5. Nc3 Bb4 6. Be3 Bxc3+ 7. bxc3 Bg4 8.
Be2 e4 9. Nd2 Bxe2 10. Qxe2 O-O-O 11. Qg4+ f5 12. Qxg7 Nge7 13. Qg3 Ng6 14. c4
Qa5 15. O-O Nxd4 16. Bxd4 Rxd4 17. Nb3 Qb6 18. Nxd4 Qxd4 19. Qg5 Qe5 20. Rad1
Nf4 21. Rfe1 h5 22. Rd2 h4 23. f3 e3 24. Rdd1 e2 25. Rb1 h3 26. g3 Ng2 27. Qd2
Re8 28. Qb4 Qe3+ 29. Kh1 b6 30. Rg1 Qxf3 31. Rb3 Ne3+ 0-1

[Event "AUTO-INT-1733"]
[Site "http://www.queenalice.com/game.php?id=792777"]
[Date "2010.6.20"]
[Round "1"]
[White "FreitasPC"]
[Black "galo4kid"]
[Result "0-1"]
[WhiteElo "1250"]
[BlackElo "1787"]

1. d4 d5 2. c4 dxc4 3. Nc3 Nc6 4. e3 Nf6 5. Bxc4 a6 6. Nf3 Bg4 7. Be2 e6 8. O-O
Bd6 9. a3 Na5 10. Nd2 Bxe2 11. Qxe2 O-O 12. b4 Nc6 13. Nde4 Nxe4 14. Nxe4 b5 15.
Qc2 Ne7 16. Nxd6 cxd6 17. Qb3 Nd5 18. Bb2 Qg5 19. Rac1 Nf6 0-1

[Event "AUTO-INT-1733"]
[Site "http://www.queenalice.com/game.php?id=792778"]
[Date "2010.6.20"]
[Round "1"]
[White "galo4kid"]
[Black "FreitasPC"]
[Result "1-0"]
[WhiteElo "1789"]
[BlackElo "1248"]

1. d4 d5 2. Nc3 Nf6 3. h3 e6 4. Bg5 Be7 5. Nf3 O-O 6. e3 c6 7. Bd3 Nbd7 8. O-O
a6 9. Ne5 Nxe5 10. dxe5 Nd7 11. Bxe7 Qxe7 12. f4 f5 13. Qh5 Qf7 14. Qh4 Nc5 15.
Rf3 Ne4 16. Na4 b5 17. Nc5 Nxc5 18. Rg3 Ne4 19. Bxe4 1-0

[Event "AUTO-INT-1733"]
[Site "http://www.queenalice.com/game.php?id=792791"]
[Date "2010.6.20"]
[Round "1"]
[White "Givanildo"]
[Black "galo4kid"]
[Result "0-1"]
[WhiteElo "1644"]
[BlackElo "1770"]

1. e4 e5 2. Bc4 Nf6 3. Qf3 b6 4. d3 Nc6 5. c3 h6 6. g4 Na5 7. Bb5 c6 8. Ba4 b5
9. Bc2 g5 10. b3 d5 11. Nd2 Bxg4 12. Qg3 Bc5 13. b4 dxe4 14. Qxe5+ Be7 15. Nxe4
Kf8 16. Nxf6 Bxf6 17. Qc5+ Be7 18. Qd4 Qxd4 19. cxd4 Bxb4+ 20. Bd2 Re8+ 21. Kf1
Bxd2 22. f3 Bc3 23. Rb1 Be6 24. Ne2 Bh3+ 25. Kf2 Bd2 26. d5 cxd5 27. d4 a6 28.
a4 b4 29. Bd3 Nc4 30. Ng3 Be3+ 31. Ke1 Bxd4+ 32. Ne2 Bg2 33. Rg1 Bxg1 34. Kd1
Bxf3 35. Kc2 Na3+ 0-1

[Event "AUTO-INT-1733"]
[Site "http://www.queenalice.com/game.php?id=792792"]
[Date "2010.6.20"]
[Round "1"]
[White "galo4kid"]
[Black "Givanildo"]
[Result "1-0"]
[WhiteElo "1781"]
[BlackElo "1621"]

1. d4 e6 2. e4 d5 3. e5 h6 4. Nf3 g5 5. h3 Ne7 6. Bd3 Bg7 7. c4 c6 8. c5 a6 9.
a4 O-O 10. b4 Nf5 11. Bxf5 exf5 12. h4 g4 13. Nh2 f6 14. f4 fxe5 15. fxe5 Qxh4+
16. Ke2 g3 17. Nf3 Qe7 18. Bf4 Be6 19. Bxg3 f4 20. Bh4 Qd7 21. Nbd2 Bg4 22. Qb3
Re8 23. Rh2 Bxe5 24. Kf2 Bg7 25. Qd3 Bf5 26. Qf1 Bxd4+ 27. Nxd4 Bg4 28. N2f3 a5
29. b5 Qe7 30. Bxe7 Rxe7 31. Rxh6 Bxf3 32. gxf3 Nd7 33. Qh3 Kf7 34. Qh5+ Kf8 35.
Rh8+ Kg7 36. Rg1+ Kf6 37. Qf5# 1-0

[Event "Challenge"]
[Site "http://www.queenalice.com/game.php?id=794784"]
[Date "2010.6.25"]
[Round "-"]
[White "galo4kid"]
[Black "vallef"]
[Result "0-1"]
[WhiteElo "1798"]
[BlackElo "1784"]

1. e4 e5 2. d4 exd4 3. Qxd4 Nc6 4. Qc4 Nf6 5. f4 d6 6. Nc3 Qe7 7. Bd3 Be6 8. Qb5
Rb8 9. Qg5 h6 10. Qg3 Nb4 11. a3 Nxd3+ 12. Qxd3 a6 13. Nf3 c6 14. O-O b5 15. Qd2
d5 16. e5 Nd7 17. Nd4 Rc8 18. f5 c5 19. Nxe6 fxe6 20. fxe6 Qxe6 21. Nxd5 c4 22.
Nf4 Qc6 23. e6 Nc5 24. Qe3 g6 25. Re1 Be7 26. Nxg6 Rg8 27. Qxh6 Nxe6 28. Qh5 Kd8
29. Rd1+ Kc7 30. g3 Bc5+ 31. Kf1 Qh1+ 32. Ke2 Qg2+ 33. Ke1 Qf2# 0-1

[Event "Challenge"]
[Site "http://www.queenalice.com/game.php?id=800015"]
[Date "2010.7.7"]
[Round "-"]
[White "galo4kid"]
[Black "Hugopessanha"]
[Result "0-1"]
[WhiteElo "1800"]
[BlackElo "1772"]

1. e4 e5 2. b3 Bc5 3. Bc4 Qf6 4. Nf3 Nh6 5. h3 g5 6. Bb2 g4 7. hxg4 Nxg4 8. d4
Bb6 9. Nc3 Nc6 10. Nb5 a6 11. Na3 Nxd4 12. Bxd4 Bxd4 13. O-O Bxa1 14. Qxa1 h5
15. Rd1 h4 16. Kf1 h3 17. gxh3 Rxh3 18. Be2 Qg6 19. Ke1 Qxe4 20. Ng5 Rh1+ 21.
Kd2 Qf4+ 22. Kc3 Rxd1 23. Qxd1 Qxg5 24. Bxg4 d6 25. f3 e4 26. Bxc8 Rxc8 27. Kb2
Qf6+ 28. Kb1 exf3 29. Qe1+ Kf8 30. Qf2 Re8 31. Nc4 Re2 32. Qf1 f2 33. Qxe2 f1=Q+
34. Qxf1 Qxf1+ 35. Kb2 b5 36. Na3 f5 37. Nb1 f4 38. Nd2 Qe2 39. Nb1 f3 40. Nc3
Qe5 41. a3 f2 42. b4 f1=Q 0-1

[Event "Challenge"]
[Site "http://www.queenalice.com/game.php?id=800016"]
[Date "2010.7.7"]
[Round "-"]
[White "galo4kid"]
[Black "twmoore"]
[Result "1-0"]
[WhiteElo "1752"]
[BlackElo "1675"]

1. e4 c5 2. Bc4 Nc6 3. d3 h6 4. h3 Nf6 5. Bf4 e5 6. Bh2 d5 7. exd5 Nxd5 8. Qf3
Be6 9. Nc3 Nxc3 10. bxc3 Bxc4 11. dxc4 Bd6 12. Ne2 O-O 13. Rd1 Qe7 14. O-O Rad8
15. Ng3 f5 16. Nxf5 Qg5 17. Qd5+ Kh7 18. Nxd6 Qe7 19. Qe4+ Kh8 20. Nf5 Qe6 21.
Ne3 Rxd1 22. Nxd1 a6 23. Ne3 b5 24. f4 b4 25. fxe5 Rxf1+ 26. Nxf1 Nxe5 27. Bxe5
bxc3 28. Ne3 1-0

[Event "Challenge"]
[Site "http://www.queenalice.com/game.php?id=800017"]
[Date "2010.7.7"]
[Round "-"]
[White "galo4kid"]
[Black "Raeth"]
[Result "0-1"]
[WhiteElo "1776"]
[BlackElo "1721"]

1. d4 Nf6 2. Bg5 e6 3. e4 h6 4. Bxf6 Qxf6 5. e5 Qg6 6. g3 Qe4+ 7. Qe2 Qxh1 8.
Nf3 b6 9. Nbd2 Ba6 10. c4 Bb4 11. O-O-O Bxd2+ 12. Kxd2 Bxc4 13. Qe4 Bd5 14. Qd3
Qxf3 15. Qxf3 Bxf3 16. Rc1 Nc6 0-1

[Event "Challenge"]
[Site "http://www.queenalice.com/game.php?id=821465"]
[Date "2010.8.22"]
[Round "-"]
[White "galo4kid"]
[Black "PawnOne"]
[Result "0-1"]
[WhiteElo "1835"]
[BlackElo "1876"]

1. e4 e5 2. c4 Nf6 3. Nc3 Bb4 4. Qf3 Nc6 5. a3 Bc5 6. Nge2 d6 7. h3 Bd7 8. b4
Bb6 9. d3 Nd4 10. Nxd4 Bxd4 11. Bd2 Qe7 12. Rb1 c6 13. Ne2 Bb6 14. Be3 Bxe3 15.
Qxe3 O-O 16. Ng3 h6 17. Nf5 Bxf5 18. exf5 Rfe8 19. Be2 b6 20. O-O d5 21. cxd5
Nxd5 22. Qd2 Nf4 23. Bf3 Rad8 24. Be4 Qg5 25. Qe3 Rxd3 26. Qe1 Rxa3 27. Kh2 Rd8
28. g3 Nd3 29. Bxd3 Rdxd3 0-1

[Event "Challenge"]
[Site "http://www.queenalice.com/game.php?id=821468"]
[Date "2010.8.22"]
[Round "-"]
[White "galo4kid"]
[Black "Capixaba789"]
[Result "1-0"]
[WhiteElo "1821"]
[BlackElo "1762"]

1. c4 e5 2. e4 Nf6 3. Nc3 Nc6 4. Nf3 d6 5. d3 Be7 6. Nd5 Nd4 7. Nxd4 Nxd5 8.
exd5 Bf6 9. Nb3 Bf5 10. Be2 Qe7 11. O-O O-O 12. Bf3 Rfe8 13. Re1 Bg5 14. Na5
Bxc1 15. Rxc1 Rab8 16. Be4 Bxe4 17. dxe4 Qg5 18. Qa4 f5 19. Nxb7 f4 20. f3 Qh5
21. Qa6 g5 22. h3 Qh4 23. Re2 h5 24. Nxd6 cxd6 25. Qxd6 g4 26. Qg6+ Kf8 27. Qh6+
Ke7 28. hxg4 1-0

[Event "Challenge"]
[Site "http://www.queenalice.com/game.php?id=821471"]
[Date "2010.8.22"]
[Round "-"]
[White "galo4kid"]
[Black "bubu52"]
[Result "1-0"]
[WhiteElo "1783"]
[BlackElo "1796"]

1. e4 c5 2. c4 Nc6 3. Nf3 e5 4. Be2 d6 5. O-O Nd4 6. Nxd4 cxd4 7. d3 h6 8. Qb3
Nf6 9. Nd2 Be7 10. f3 O-O 11. Nb1 Nh5 12. a4 Bg5 13. Na3 Be3+ 14. Kh1 Qh4 15. g4
Nf4 16. Bxe3 dxe3 17. Qc2 h5 18. Rae1 Qh3 19. Rg1 h4 20. Qd1 g5 21. Bf1 Kg7 22.
Bxh3 Nxh3 23. Rgf1 Nf4 24. Rxe3 h3 25. Nb5 Ng2 26. Re2 Nf4 27. Rc2 Ng2 28. Rxg2
hxg2+ 29. Kxg2 Rh8 30. Nxd6 Bd7 31. Qb3 Bc6 32. c5 Rh6 33. Qxf7+ Kh8 34. Nf5 Rh7
35. Qf6+ Kg8 36. Nh6+ 1-0

[Event "Challenge"]
[Site "http://www.queenalice.com/game.php?id=821472"]
[Date "2010.8.22"]
[Round "-"]
[White "galo4kid"]
[Black "bubu52"]
[Result "0-1"]
[WhiteElo "1821"]
[BlackElo "1763"]

1. e4 e5 2. c4 Nf6 3. d3 Bc5 4. Nf3 d6 5. h3 Nc6 6. Qa4 Bd7 7. Qb3 Na5 8. Qc2
O-O 9. Bd2 Nc6 10. Be2 a6 11. a3 h6 12. Nc3 Nd4 13. Nxd4 Bxd4 14. O-O Nh7 15.
Nd5 c6 16. Ne3 f5 17. Bh5 f4 18. Ng4 Qh4 19. Bg6 Bxg4 20. hxg4 f3 21. Bxh7+ Kxh7
22. Be3 Qxg4 23. g3 Qh3 0-1

[Event "Challenge"]
[Site "http://www.queenalice.com/game.php?id=821473"]
[Date "2010.8.22"]
[Round "-"]
[White "galo4kid"]
[Black "bubu52"]
[Result "0-1"]
[WhiteElo "1835"]
[BlackElo "1789"]

1. b3 e5 2. Bb2 Nc6 3. e4 Nf6 4. d3 d6 5. h3 Be7 6. Nf3 d5 7. Nxe5 Nxe5 8. Bxe5
O-O 9. exd5 Re8 10. Bc3 Nxd5 11. Be2 Nxc3 12. Nxc3 Bb4 13. Qd2 Qe7 14. O-O Bd7
15. Rae1 Qc5 16. Bd1 Bxc3 17. Rxe8+ Rxe8 18. Qf4 f6 19. Bf3 b6 20. a4 Qe5 21.
Qc4+ Be6 22. Qc6 Kf8 23. Kh1 Bb4 24. Be4 Bd7 25. Qc4 Bd6 26. Bxh7 Qh2# 0-1

[Event "AUTO-INT-1733"]
[Site "http://www.queenalice.com/game.php?id=841773"]
[Date "2010.10.4"]
[Round "2"]
[White "mateusamorim96"]
[Black "galo4kid"]
[Result "1-0"]
[WhiteElo "1831"]
[BlackElo "1785"]

1. d4 e6 2. c4 d5 3. cxd5 exd5 4. Nc3 Be6 5. Bf4 Bd6 6. Bxd6 Qxd6 7. Nf3 Nh6 8.
e3 O-O 9. h3 Nf5 10. Bd3 Re8 11. O-O a6 12. Rc1 Nd7 13. Qc2 g6 14. a3 c5 15.
dxc5 Nxc5 16. b4 Nxd3 17. Qxd3 b5 18. Nd4 Nxd4 19. Qxd4 Rac8 20. Rfd1 Rc4 21.
Qd2 Rec8 22. Ne2 Qd7 23. Nf4 Rd8 24. Rc3 d4 25. exd4 Rxd4 26. Rd3 1-0

[Event "AUTO-INT-1733"]
[Site "http://www.queenalice.com/game.php?id=841774"]
[Date "2010.10.4"]
[Round "2"]
[White "galo4kid"]
[Black "mateusamorim96"]
[Result "0-1"]
[WhiteElo "1800"]
[BlackElo "1816"]

1. e4 c5 2. c4 e6 3. Nf3 Ne7 4. Be2 d5 5. cxd5 exd5 6. e5 Ng6 7. d4 cxd4 8. Qxd4
b6 9. Bb5+ Bd7 10. Qxd5 Bxb5 11. Qxb5+ Qd7 12. Qc4 Nc6 13. O-O Bb4 14. a3 Be7
15. Re1 O-O 16. e6 fxe6 17. Qxe6+ Qxe6 18. Rxe6 Rac8 19. Nc3 Na5 20. Bd2 Nb3 21.
Rae1 Nxd2 22. Nxd2 Bxa3 23. Na4 Bb4 24. R6e2 b5 25. Nc3 Bxc3 26. bxc3 Rxc3 0-1

[Event "AUTO-INT-1733"]
[Site "http://www.queenalice.com/game.php?id=841781"]
[Date "2010.10.4"]
[Round "2"]
[White "galo4kid"]
[Black "ditommaso"]
[Result "0-1"]
[WhiteElo "1831"]
[BlackElo "1834"]

1. e4 e5 2. Bc4 Nf6 3. Nf3 d6 4. O-O Nc6 5. Ng5 d5 6. exd5 Nxd5 7. Qf3 Qxg5 8.
Bxd5 Be6 9. Bxc6+ Bd7 10. Bxd7+ Kxd7 11. Qxb7 Bd6 12. d4 Qf6 13. d5 Rhb8 14.
Qc6+ Kc8 15. Nc3 Rb6 16. Qa4 a6 17. Be3 Rb4 18. Qe8+ Kb7 19. Qc6+ Kb8 20. b3 e4
21. a3 Rb6 22. Bxb6 cxb6 23. Nxe4 Bxh2+ 24. Kxh2 Qh4+ 0-1

[Event "AUTO-INT-1733"]
[Site "http://www.queenalice.com/game.php?id=841782"]
[Date "2010.10.4"]
[Round "2"]
[White "ditommaso"]
[Black "galo4kid"]
[Result "1-0"]
[WhiteElo "1850"]
[BlackElo "1815"]

1. e4 e5 2. d4 d6 3. Nf3 exd4 4. Qxd4 Nc6 5. Bb5 Bd7 6. Bxc6 Bxc6 7. Nc3 Qe7 8.
Nd5 Bxd5 9. Qxd5 O-O-O 10. Nd4 Nf6 11. Qf5+ Rd7 12. O-O Qxe4 13. Be3 Qxf5 14.
Nxf5 Ng4 15. Bxa7 b6 16. f3 Nf6 17. Nd4 Kb7 18. Bxb6 Kxb6 19. a4 c5 20. a5+ Ka6
21. Nf5 g6 22. Ne3 Bh6 23. Nd1 Nd5 24. Re1 1-0